000 00349pam a2200157a 44500
008 230515b2010 xxu||||| |||| 00| 0 eng d
020 _aNULL
041 _aENGLISH
082 _a005.1 FOR
100 _aFOROUZAN BEHROUZ
245 _aDATA STRUCTURES & ALGORITHMS
250 _a1
260 _aN
_bNA
_c2010
300 _aXI-G 9
650 _aNULL
999 _c637506
_d637506